Paris Saint-Germain players (2000-2010) - Statistics

General Stats
  • This quiz has been taken 4 times
  • The average score is 42 of 121
Answer Stats
Rank Player Positions Nationality Matches Goals (assists) Period % Correct
16 Clément Chantôme DM 93 2 (4) 2006-2010
100%
3 Pauleta ST 168 76 (9) 2003-2008
100%
1 Sylvain Armand LB 212 7 (6) 2004-2010
100%
34 Bonaventure Kalou RW 55 11 (10) 2005-2007
75%
47 Cristian Rodríguez LM 36 1 (3) 2005-2007
75%
43 Danijel Ljuboja ST 42 7 (2) 2003-2005
75%
19 David Rozehnal CB 75 1 (1) 2005-2007
75%
18 Fabrice Fiorèse RW 81 14 (14) 2001-2005
75%
7 Frédéric Déhu CB 119 6 (3) 2000-2004
75%
12 Gabriel Heinze CB 99 4 (4) 2001-2004
75%
35 Guillaume Hoarau ST 55 23 (9) 2008-2010
75%
49 Jay-Jay Okocha AM 36 6 (4) 2000-2002
75%
21 Jérôme Alonzo GK 71 0 (0) 2001-2006
75%
6 Jérôme Rothen LM 139 10 (36) 2004-2009
75%
5 Lionel Létizi GK 145 0 (1) 2000-2006
75%
23 Lorik Cana DM 69 2 (1) 2002-2006
75%
9 Mario Yepes CB 115 8 (3) 2004-2008
75%
53 Mateja Kežman ST 34 5 (2) 2008-2010
75%
22 Mauricio Pochettino CB 70 4 (0) 2000-2003
75%
56 Mevlüt Erdinç ST 31 15 (5) 2009-2010
75%
10 Mickaël Landreau GK 114 0 (0) 2006-2009
75%
11 Péguy Luyindula ST 107 19 (11) 2006-2010
75%
50 Pierre-Alain Frau ST 36 4 (4) 2006-2008
75%
36 Ronaldinho LW 55 17 (16) 2001-2003
75%
30 Sammy Traoré CB 65 1 (2) 2006-2010
75%
32 Stéphane Sessègnon AM 63 9 (14) 2008-2010
75%
97 Aliou Cissé DM 10 0 (0) 2000-2001
50%
65 Alioune Touré RW 25 1 (0) 2002-2004
50%
72 Apoula Edel GK 23 0 (0) 2009-2010
50%
2 Bernard Mendy RB 189 2 (9) 2000-2002, 2003-2008
50%
46 Branko Boskovic CM 36 3 (4) 2003-2005
50%
94 Carlos Bueno ST 12 0 (0) 2005-2006
50%
14 Ceará RB 96 1 (6) 2007-2010
50%
78 Charles-Edouard Coridon AM 19 0 (0) 2004-2005
50%
27 Claude Makélélé DM 65 1 (3) 2008-2010
50%
4 Édouard Cissé DM 147 8 (5) 2000-2002, 2004-2007
50%
15 Fabrice Pancrate RW 95 10 (3) 2004-2007, 2008-2009
50%
106 Franck Dja Djédjé RW 4 0 (0) 2003-2004, 2005-2006
50%
48 Grégory Bourillon CB 36 0 (2) 2007-2010
50%
73 Jean-Eudes Maurice ST 23 1 (1) 2009-2010
50%
8 Jérémy Clément DM 116 5 (5) 2006-2010
50%
24 José-Karl Pierre-Fanfan CB 67 2 (0) 2003-2005
50%
79 Loris Arnaud ST 19 2 (0) 2007-2009
50%
28 Ludovic Giuly RW 65 12 (9) 2008-2010
50%
57 Mikel Arteta CM 31 2 (3) 2000-2002
50%
17 Modeste M'Bami DM 83 1 (2) 2003-2006
50%
41 Paulo César RM 48 5 (3) 2002-2004, 2005-2007
50%
29 Reinaldo Oliveira ST 65 10 (4) 2003-2005
50%
64 Sergey Semak CM 26 1 (0) 2004-2006
50%
96 Souza AM 12 0 (3) 2007-2008
50%
80 Stéphane Dalmat CM 19 1 (1) 2000-2001
50%
55 Younousse Sankharé CM 33 1 (4) 2007-2010
50%
13 Zoumana Camara CB 97 1 (0) 2007-2010
50%
83 Alex Dias ST 17 3 (1) 2001-2002
25%
37 Aloisio Chulapa ST 54 14 (6) 2001-2003
25%
20 Amara Diané RW 71 16 (4) 2006-2008
25%
33 Bartholomew Ogbeche ST 57 6 (1) 2001-2005
25%
67 Boukary Dramé LB 24 0 (3) 2005-2007
25%
51 Christophe Jallet RB 35 3 (11) 2009-2010
25%
85 David N'Gog ST 17 1 (1) 2006-2008
25%
86 Didier Digard DM 16 0 (0) 2007-2008
25%
69 Éric Rabésandratana DM 24 1 (0) 2000-2001
25%
116 Éverton Santos ST 1 0 (0) 2007-2008
25%
82 Filipe Teixeira RW 18 0 (0) 2002-2003, 2004-2005
25%
87 Grégory Coupet GK 16 0 (0) 2009-2010
25%
119 Hocine Ragued DM 1 0 (0) 2005-2006
25%
38 Hugo Leal CM 53 1 (1) 2001-2004
25%
98 Jean-Hugues Ateba LB 10 0 (0) 2004-2006
25%
99 Jean-Michel Badiane CB 10 0 (0) 2004-2006
25%
40 Jérôme Leroy AM 48 8 (1) 2001-2004
25%
108 Kaba Diawara ST 4 0 (0) 2000-2001, 2003-2004
25%
112 Larrys Mabiala CB 3 1 (0) 2007-2009
25%
52 Laurent Leroy ST 35 4 (0) 2000-2003
25%
54 Laurent Robert LW 33 15 (3) 2000-2002
25%
39 Lionel Potillon LB 53 0 (1) 2001-2004
25%
25 Mamadou Sakho CB 67 1 (1) 2007-2010
25%
74 Marcelo Gallardo AM 22 2 (1) 2006-2008
25%
44 Nicolas Anelka ST 39 10 (2) 2000-2002
25%
59 Selim Benachour AM 28 1 (3) 2001-2005
25%
121 Sol Bamba CB 1 0 (0) 2004-2005
25%
42 Stéphane Pichot RB 46 0 (0) 2004-2006
25%
104 Tripy Makonda LB 5 0 (0) 2008-2010
25%
102 Vampeta CM 7 1 (0) 2000-2001
25%
110 Vedad Ibisevic ST 4 0 (0) 2004-2005
25%
45 Vikash Dhorasoo CM 37 0 (5) 2005-2007
25%
93 Youssouf Mulumbu DM 13 0 (0) 2006-2008
25%
105 Agostinho LW 4 0 (0) 2001-2002
0%
115 Albert Baning DM 1 0 (0) 2006-2007
0%
81 Alex Nyarko CM 18 0 (0) 2002-2003
0%
89 Ali Benarbia AM 15 0 (0) 2000-2002
0%
84 André Luiz AM 17 1 (3) 2002-2003
0%
111 Chiguy Lucau RW 3 0 (0) 2002-2003
0%
68 Christian ST 24 4 (0) 2000-2001
0%
62 Christophe Landrin CM 26 2 (3) 2005-2006
0%
31 Cristóbal Parralo RB 63 0 (1) 2001-2003
0%
95 David Hellebuyck CM 12 1 (0) 2006-2007
0%
61 Didier Domi LB 27 0 (1) 2000-2003
0%
100 Dominique Casagrande GK 9 0 (0) 2000-2001
0%
90 Éric Cubilier RB 15 0 (0) 2003-2004
0%
117 Fabrice Abriel CM 1 0 (0) 2000-2001
0%
66 Francis Llacer LB 25 0 (0) 2001-2003
0%
118 Gaël Hiroux ST 1 0 (0) 2001-2002
0%
107 Godwin Okpara CB 4 0 (0) 2000-2001
0%
70 Granddi N'Goyi DM 24 0 (0) 2007-2008, 2009-2010
0%
103 Grégory Paisley LB 6 0 (0) 2000-2001
0%
88 Hélder Cristóvão CB 16 1 (0) 2004-2005
0%
91 Igor Yanovskiy CM 14 0 (0) 2000-2001
0%
75 Jimmy Algérino RB 21 0 (0) 2000-2001
0%
76 Juan Pablo Sorín LB 21 1 (3) 2003-2004
0%
77 Martín Cardetti ST 21 7 (0) 2002-2003
0%
120 Maxime Partouche AM 1 0 (0) 2008-2009
0%
113 Mickaël Madar ST 3 1 (0) 2000-2001
0%
63 Peter Luccin DM 26 1 (0) 2000-2001
0%
58 Pierre Ducrocq DM 28 0 (0) 2000-2002
0%
109 Quique de Lucas AM 4 0 (0) 2000-2001
0%
71 Romain Rocchi DM 24 0 (0) 2002-2004
0%
101 Rudy Haddad AM 9 0 (0) 2004-2006
0%
92 Stéphane Pédron LM 13 2 (0) 2002-2003
0%
60 Sylvain Distin CB 28 1 (0) 2000-2001
0%
26 Talal El Karkouri CB 67 1 (0) 2000-2004
0%
114 Yannick Boli ST 2 0 (0) 2007-2009
0%
No matching quizzes found
Score Distribution
Percent of People with Each Score
Percentile by Number Answered
Your Score History
You have not taken this quiz